00976naa a2200193 i 45000010005000000030009000050050017000140080039000310400029000700800007000991000182001062450081002886500031003696500017004007000175004177730162005929420013007549990015007679987KOSZ 00520180509090812.0180412s1986 pl f |000 0 pol cKOSZ 005/HRaKOSZ 005/HR a69 aDĘBOWSKI, Włodzimierz.bWyższa Szkoła Inżynierska w Koszalinie - Wydział Inżynierii Lądowej i Sanitarnej,cZakład Ekonomiki i Organizacji Budownictwad1980 - 1984.1 aMetody sieciowe w budownictwie /cWłodzimierz Dębowski, Piotr Śmiałek. aBudownictwo - organizacja. aPlac budowy.1 aŚMIAŁEK, Piotr.bWyższa Szkoła Inżynierska w Koszalinie - Wydział Inżynierii Lądowej i Sanitarnej,cZakład Ekonomiki i Organizacji Budownictwad1974 - 1996.0 iW :tOrganizowanie i planowanie budowy. Cz. 2 / pod red. Eugeniusza Michalskiego. -dKoszalin : Wydaw. Wyższej Szkoły Inżynierskiej, 1986. -gs. 413-446 cROZ2UKD c9987d9987